000 01266nam a22003737a 4500
003 CHAP
005 20220329134830.0
008 971013s1957 r 00010 d
010 _a26656
011 _a27628
035 _a31729
040 _cCHAP
090 _aTesis
100 0 0 _aIzaguirre Vázquez, Alvaro.
_960742
245 _aAlgodón control químico de malas hierbas en el Valle del Mayo
260 _aChapingo, Méx. :
_bEl autor,
_c1957
300 _a37 h.
_b: ilus
502 _aTesis (Ing. Agr. Esp. en Fitotecnia) -- ENA. Departamento de Fitotecnia
590 _aALEPH
_b10
_c20130110
_lUCH01
_h1249
590 _aBATCH-UPD
_b10
_c20130110
_lUCH01
_h0301
590 _aBATCH-UPD
_b10
_c20130110
_lUCH01
_h2327
590 _aBATCH-UPD
_b10
_c20130409
_lUCH01
_h2333
590 _aBATCH-UPD
_b10
_c20130410
_lUCH01
_h1617
590 _aBATCH-UPD
_b10
_c20130914
_lUCH01
_h0100
590 _aBATCH-UPD
_b10
_c20130914
_lUCH01
_h2132
590 _aCONVERSION
_b10
_c20130109
_lUCH01
_h1315
650 1 4 _aAlgodón
_xMalas hierbas
_xControl.
_94030
650 1 4 _aHerbicidas.
_953691
901 _aBK
942 _cFOLL
949 _bBC
_cTES
_d-73406
_eTS1
_i31729
_si
949 _bBC
_cTES
_d-73407
_eTS2
_fc.2
_i31729
_si
949 _bBC
_cTES
_d-73408
_eTS2
_fc.3
_i31729
_si
999 _c26656
_d26656